[Event "POL-chT3 Wielkopolskie 1314"]
[Site "Poland"]
[Date "2013.10.27"]
[Round "1.28"]
[White "Banach, Szymon"]
[Black "Ancuta, Adam"]
[Result "1-0"]
[WhiteElo "1839"]
[BlackElo "1961"]
[PlyCount "99"]
[EventDate "2013.10.27"]
[EventType "team-tourn"]
[EventRounds "11"]
[EventCountry "POL"]
[SourceTitle "EXT 2015"]
[Source "ChessBase"]
[SourceDate "2014.11.20"]
[SourceVersion "1"]
[SourceVersionDate "2014.11.20"]
[SourceQuality "1"]
[WhiteTeam "Gniezno LKS Chrobry II"]
[BlackTeam "Trzcianka MKS przy MDK"]
[WhiteTeamCountry "POL"]
[BlackTeamCountry "POL"]

1. e4 e5 2. Nf3 Nc6 3. Bb5 Nf6 4. 0-0 Nxe4 5. d4 Nd6 6. Bxc6 dxc6 7. dxe5 Nf5 8. Qxd8+ Kxd8 9. Rd1+ Bd7 10. Ng5 Ke8 11. Nxf7 Kxf7 12. Rxd7+ Ke6 13. Rd3 Bc5 14. Nd2 Rad8 15. Ne4 Bb6 16. Ng5+ Ke7 17. Nf3 Rxd3 18. cxd3 h6 19. Kf1 g5 20. h3 Ke6 21. Bd2 Rd8 22. Ke2 Nd4+ 23. Nxd4+ Bxd4 24. f4 gxf4 25. Bxf4 Rf8 26. g3 Bxe5 27. Bxe5 Kxe5 28. Rc1 Rg8 29. g4 Kf4 30. Kf2 Rd8 31. Rc4+ Kg5 32. Rc5+ Rd5 33. Rxd5+ cxd5 34. Kg3 c5 35. h4+ Kf6 36. Kf4 b5 37. g5+ hxg5+ 38. hxg5+ Ke6 39. g6 c4 40. dxc4 dxc4 41. Ke4 b4 42. Kd4 c3 43. bxc3 bxc3 44. Kxc3 Kf6 45. Kb4 Kxg6 46. Ka5 Kf6 47. Ka6 Ke6 48. Kxa7 Kd6 49. Kb6 Kd7 50. Kb7 1-0

[Event "Kolobrzeg op 14th"]
[Site "Kolobrzeg"]
[Date "2013.07.09"]
[Round "9.1"]
[White "Ancuta, Adam"]
[Black "Blaschke, Josef"]
[Result "1-0"]
[WhiteElo "1970"]
[BlackElo "1506"]
[PlyCount "37"]
[EventDate "2013.07.01"]
[EventType "swiss"]
[EventRounds "9"]
[EventCountry "POL"]
[SourceTitle "EXT 2023"]
[Source "ChessBase"]
[SourceDate "2022.10.05"]
[SourceVersion "1"]
[SourceVersionDate "2022.10.05"]
[SourceQuality "1"]

1. e4 e5 2. Nc3 a6 3. Bc4 Bc5 4. f4 Qh4+ 5. g3 Qe7 6. fxe5 Bxg1 7. Rxg1 Qc5 8. Bxf7+ Kd8 9. d4 Qa5 10. Bd2 c6 11. Nd5 Qxd2+ 12. Qxd2 cxd5 13. exd5 h6 14. d6 Nc6 15. d5 b6 16. 0-0-0 Nxe5 17. Rge1 Nxf7 18. Qe3 Nxd6 19. Qxb6# 1-0

[Event "Kolobrzeg op 14th"]
[Site "Kolobrzeg"]
[Date "2013.07.04"]
[Round "4.1"]
[White "Kuznicki, Cyprian"]
[Black "Ancuta, Adam"]
[Result "1-0"]
[WhiteElo "1951"]
[BlackElo "1970"]
[PlyCount "85"]
[EventDate "2013.07.01"]
[EventType "swiss"]
[EventRounds "9"]
[EventCountry "POL"]
[SourceTitle "EXT 2023"]
[Source "ChessBase"]
[SourceDate "2022.10.05"]
[SourceVersion "1"]
[SourceVersionDate "2022.10.05"]
[SourceQuality "1"]

1. e4 e5 2. c4 Nc6 3. g3 Bc5 4. d3 d6 5. Nc3 f5 6. Nh3 f4 7. Bg2 Nh6 8. Qh5+ Nf7 9. 0-0 0-0 10. gxf4 g6 11. Qf3 Bxh3 12. Qxh3 Nd4 13. f5 gxf5 14. exf5 c6 15. Ne4 Bb6 16. f6 Kh8 17. Bh6 Nxh6 18. Qxh6 Rg8 19. Ng5 Qd7 20. Kh1 Nf5 21. Qh5 Raf8 22. f7 Rxg5 23. Qxg5 Qxf7 24. Be4 Nd4 25. Rg1 Ne2 26. Rg4 Bd8 27. Qh6 d5 28. Bxh7 Qf3+ 29. Rg2 Bg5 30. Qxg5 Qf6 31. Qxf6+ Rxf6 32. Bg6 Nf4 33. Rag1 Nh3 34. f3 Nxg1 35. Kxg1 Rxf3 36. Rg3 Rf4 37. cxd5 cxd5 38. h3 Rf6 39. Bh5 Rc6 40. Bf3 Rc1+ 41. Kh2 Rc2+ 42. Rg2 Rc5 43. Re2 1-0

[Event "Kolobrzeg op 14th"]
[Site "Kolobrzeg"]
[Date "2013.07.03"]
[Round "5.1"]
[White "Ancuta, Adam"]
[Black "Kokoszczynski, Jan"]
[Result "1-0"]
[WhiteElo "1970"]
[BlackElo "1719"]
[PlyCount "43"]
[EventDate "2013.07.01"]
[EventType "swiss"]
[EventRounds "9"]
[EventCountry "POL"]
[SourceTitle "EXT 2023"]
[Source "ChessBase"]
[SourceDate "2022.10.05"]
[SourceVersion "1"]
[SourceVersionDate "2022.10.05"]
[SourceQuality "1"]

1. e4 e6 2. d4 d5 3. exd5 exd5 4. c4 Nf6 5. Nc3 Be7 6. Nf3 0-0 7. Bd3 c6 8. cxd5 Nxd5 9. 0-0 h6 10. Re1 Bf6 11. Ne5 Bg5 12. Nxd5 cxd5 13. f4 Bf6 14. Bc2 g6 15. f5 g5 16. Qh5 Kg7 17. Re3 Qb6 18. Rh3 Bxe5 19. Bxg5 Bxd4+ 20. Kh1 Rh8 21. Be7 Bf6 22. Rg3+ 1-0

[Event "POL-chT 3rd League Wielkopolska 12/13"]
[Site "Poznan"]
[Date "2013.02.24"]
[Round "8.34"]
[White "Skwarczynski, Marcin"]
[Black "Ancuta, Adam"]
[Result "1/2-1/2"]
[WhiteElo "2027"]
[BlackElo "1941"]
[PlyCount "195"]
[EventDate "2012.11.25"]
[EventType "team-tourn"]
[EventRounds "11"]
[EventCountry "POL"]
[SourceTitle "EXT 2014"]
[Source "ChessBase"]
[SourceDate "2013.11.20"]
[SourceVersion "1"]
[SourceVersionDate "2013.11.20"]
[SourceQuality "1"]
[WhiteTeam "Steszew Lipno"]
[BlackTeam "Trzcianka MKS przy MDK"]
[WhiteTeamCountry "POL"]
[BlackTeamCountry "POL"]

1. c4 Nf6 2. Nf3 e6 3. b3 d5 4. Bb2 c5 5. cxd5 exd5 6. d4 Nc6 7. e3 cxd4 8. Nxd4 Bb4+ 9. Bc3 Qa5 10. Qd2 Bxc3 11. Qxc3 Qxc3+ 12. Nxc3 Nxd4 13. exd4 0-0 14. Bd3 Re8+ 15. Kd2 Bd7 16. f3 a6 17. Rhe1 Bc6 18. g3 g6 19. Rac1 Nd7 20. Bf1 Nf8 21. Bg2 Ne6 22. Kd3 Kg7 23. f4 Rac8 24. Bh3 f5 25. Bg2 Nc7 26. Re5 Rxe5 27. dxe5 Ne6 28. Ne2 Bb5+ 29. Kd2 Rd8 30. Ng1 h6 31. Bh3 a5 32. Nf3 b6 33. Bf1 Be8 34. Bd3 Nc5 35. Nd4 Kf7 36. Ke3 Ke7 37. a3 Ra8 38. h3 Bd7 39. Rg1 Rf8 40. b4 axb4 41. axb4 Nxd3 42. Kxd3 Ra8 43. Nc2 Bb5+ 44. Kd2 Ra2 45. Ra1 Rxa1 46. Nxa1 Ba4 47. Nc2 Bb5 48. Kc3 h5 49. Kd4 Ke6 50. Ne3 Bc6 51. Ng2 Bb5 52. Nh4 Be8 53. Nf3 Bc6 54. Ng5+ Ke7 55. Ke3 Kd7 56. Nf3 Bb5 57. Kd4 Bc6 58. Nh4 Ke7 59. Nxg6+ Kf7 60. Nh4 Ke6 61. Nf3 Kf7 62. Ne1 Ke6 63. Nc2 Bb5 64. Ke3 Bd7 65. Nd4+ Ke7 66. Kf3 Kf7 67. g4 fxg4+ 68. hxg4 Bxg4+ 69. Kg3 Kg6 70. Kh4 Bf5 71. Kg3 Be4 72. Nb5 Kf5 73. Nd4+ Kg6 74. b5 Bd3 75. Kh4 Bf5 76. Kg3 Be4 77. Kh4 Bf5 78. e6 Bg4 79. f5+ Kf6 80. Kg3 Bxf5 81. Nxf5 Kxe6 82. Ng7+ Kd6 83. Nxh5 Kc5 84. Kf3 Kxb5 85. Nf4 Kc4 86. Ke3 b5 87. Nd3 Kc3 88. Ke2 d4 89. Nf4 Kc2 90. Nd3 Kc3 91. Nf4 b4 92. Nd5+ Kc4 93. Nxb4 Kxb4 94. Kd3 Kc5 95. Kd2 Kc4 96. Kc2 d3+ 97. Kd2 Kd4 98. Kd1 1/2-1/2

[Event "POL-chT 3rd League Wielkopolska 12/13"]
[Site "Poznan"]
[Date "2013.02.03"]
[Round "6.15"]
[White "Krasinski, Rafal"]
[Black "Ancuta, Adam"]
[Result "0-1"]
[WhiteElo "1918"]
[BlackElo "1941"]
[PlyCount "154"]
[EventDate "2012.11.25"]
[EventType "team-tourn"]
[EventRounds "11"]
[EventCountry "POL"]
[SourceTitle "EXT 2014"]
[Source "ChessBase"]
[SourceDate "2013.11.20"]
[SourceVersion "1"]
[SourceVersionDate "2013.11.20"]
[SourceQuality "1"]
[WhiteTeam "Poznan Lech"]
[BlackTeam "Trzcianka MKS przy MDK"]
[WhiteTeamCountry "POL"]
[BlackTeamCountry "POL"]

1. c3 Nf6 2. d4 d5 3. Qb3 Nbd7 4. Bg5 c5 5. Nd2 c4 6. Qc2 e5 7. e4 exd4 8. cxd4 Qa5 9. exd5 b5 10. Ngf3 Bd6 11. Ne5 0-0 12. Nxd7 Bxd7 13. Bxf6 gxf6 14. Kd1 Rac8 15. Ne4 Be7 16. d6 Bd8 17. Nc5 Rxc5 18. dxc5 Qb4 19. a4 Ba5 20. Qc3 Qxc3 21. bxc3 Bxc3 22. Rc1 b4 23. Rxc3 bxc3 24. Kc2 Rc8 25. Bxc4 Rxc5 26. Bb5 Bf5+ 27. Kc1 c2 28. g4 Be6 29. Re1 Rd5 30. Kxc2 Rxd6 31. f4 a6 32. f5 Bd5 33. Be2 Rc6+ 34. Kd2 Bc4 35. Bd3 Rd6 36. Re3 Bb3 37. a5 Ba4 38. Kc3 Bd1 39. h3 Ba4 40. Be2 Kf8 41. Kb4 Be8 42. Kc5 Rc6+ 43. Kd4 Rc2 44. Bxa6 Ra2 45. Bc4 Rxa5 46. Be2 Bc6 47. Bf3 Bb5 48. Be2 Bxe2 49. Rxe2 Kg7 50. Re3 Ra7 51. Kd3 Kh6 52. h4 Ra4 53. Re4 Ra3+ 54. Ke2 Rh3 55. h5 Kg5 56. Kf2 h6 57. Kg2 Ra3 58. Kf2 Kh4 59. Rd4 Ra2+ 60. Kf3 Ra3+ 61. Kf2 Ra6 62. Re4 Ra2+ 63. Kf1 Kg3 64. Rb4 Rf2+ 65. Ke1 Rf4 66. Rb6 Kxg4 67. Rxf6 Rxf5 68. Rxh6 Rxh5 69. Rf6 Rf5 70. Rh6 Re5+ 71. Kf2 f5 72. Rh8 Ra5 73. Rg8+ Kf4 74. Re8 Ra2+ 75. Re2 Rxe2+ 76. Kxe2 Kg3 77. Kf1 Kf3 0-1

[Event "Poznan op 21th"]
[Site "Poznan"]
[Date "2011.08.11"]
[Round "6"]
[White "Ancuta, Adam"]
[Black "Sapikowski, Franciszek"]
[Result "1-0"]
[WhiteElo "1866"]
[BlackElo "1524"]
[PlyCount "53"]
[EventDate "2011.08.06"]
[EventType "swiss"]
[EventRounds "9"]
[EventCountry "POL"]
[SourceTitle "CBM 143 Extra"]
[Source "ChessBase"]
[SourceDate "2011.08.29"]
[SourceVersion "1"]
[SourceVersionDate "2011.08.29"]
[SourceQuality "1"]

1. e4 d5 2. exd5 Qxd5 3. Nc3 Qa5 4. Bc4 Nf6 5. d4 c6 6. Nge2 Bf5 7. Ng3 Bg6 8. f4 e6 9. 0-0 Be7 10. Qe2 Qd8 11. f5 exf5 12. Re1 Qxd4+ 13. Be3 Qe5 14. Qf2 0-0 15. Bd4 Qd6 16. Rad1 Qb4 17. Bb3 Ng4 18. Qf4 Bd6 19. Qg5 Bc5 20. Nxf5 Nf6 21. Nh6+ gxh6 22. Qxf6 Bxd4+ 23. Rxd4 Qb6 24. Na4 Qc7 25. Re7 Qa5 26. Rg4 Nd7 27. Bxf7+ 1-0

[Event "Poznan op 19th"]
[Site "Poznan"]
[Date "2010.08.05"]
[Round "5"]
[White "Zakrzewski, Marek"]
[Black "Ancuta, Adam"]
[Result "1-0"]
[WhiteElo "1991"]
[BlackElo "1873"]
[PlyCount "75"]
[EventDate "2010.08.01"]
[EventType "swiss"]
[EventRounds "9"]
[EventCountry "POL"]
[SourceTitle "CBM 138 Extra"]
[Source "ChessBase"]
[SourceDate "2010.10.29"]
[SourceVersion "1"]
[SourceVersionDate "2010.10.29"]
[SourceQuality "1"]

1. e4 e5 2. Nc3 Nf6 3. Bc4 Nc6 4. d3 Na5 5. Nge2 Nxc4 6. dxc4 Bc5 7. Qd3 d6 8. Be3 Bb6 9. a4 Be6 10. b3 0-0 11. Nd5 Bxe3 12. Nxf6+ Qxf6 13. Qxe3 Qg6 14. 0-0-0 f5 15. f4 fxe4 16. fxe5 dxe5 17. Ng3 Rf4 18. Qc5 Qg5 19. Kb2 c6 20. Rhe1 Qh4 21. Qxe5 Bf7 22. Nf5 Qf6 23. Qxf6 gxf6 24. Nh6+ Kg7 25. g3 Rf3 26. Nxf7 Kxf7 27. Rxe4 Rf2 28. Rd7+ Kg6 29. Rxb7 a5 30. h4 Rd8 31. Re3 Rdd2 32. Rc3 Rf5 33. Rc7 Rd6 34. c5 Re6 35. Ra7 Ree5 36. Rxa5 Kh5 37. Ra7 h6 38. b4 1-0

[Event "Poznan op 19th"]
[Site "Poznan"]
[Date "2010.08.03"]
[Round "3"]
[White "Korbal, Arkadiusz"]
[Black "Ancuta, Adam"]
[Result "0-1"]
[WhiteElo "2016"]
[BlackElo "1873"]
[PlyCount "70"]
[EventDate "2010.08.01"]
[EventType "swiss"]
[EventRounds "9"]
[EventCountry "POL"]
[SourceTitle "CBM 138 Extra"]
[Source "ChessBase"]
[SourceDate "2010.10.29"]
[SourceVersion "1"]
[SourceVersionDate "2010.10.29"]
[SourceQuality "1"]

1. d4 Nf6 2. c4 e6 3. Nf3 d5 4. g3 c6 5. Nbd2 Bd6 6. Bg2 Nbd7 7. 0-0 0-0 8. e4 dxe4 9. Ng5 Bc7 10. Ndxe4 h6 11. Nxf6+ Nxf6 12. Ne4 Nxe4 13. Bxe4 f5 14. Bc2 Qf6 15. Qd3 b6 16. Bd2 Bb7 17. Bc3 Rad8 18. Qe3 Rde8 19. Rae1 Qf7 20. Bb4 c5 21. dxc5 Qh5 22. Bd1 Qh3 23. Bf3 f4 24. Qe2 Bxf3 25. Qxf3 bxc5 26. Bxc5 Rf5 27. b4 fxg3 28. Qg2 gxh2+ 29. Kh1 Qh5 30. Be3 Ref8 31. Rd1 R8f6 32. Rd7 Rg6 33. Qa8+ Kh7 34. Rxc7 Qh3 35. Re1 Rd5 0-1

[Event "Poznan op 19th"]
[Site "Poznan"]
[Date "2010.08.02"]
[Round "2"]
[White "Bartoszewicz, Marcin"]
[Black "Ancuta, Adam"]
[Result "0-1"]
[WhiteElo "2000"]
[BlackElo "1873"]
[PlyCount "118"]
[EventDate "2010.08.01"]
[EventType "swiss"]
[EventRounds "9"]
[EventCountry "POL"]
[SourceTitle "CBM 138 Extra"]
[Source "ChessBase"]
[SourceDate "2010.10.29"]
[SourceVersion "1"]
[SourceVersionDate "2010.10.29"]
[SourceQuality "1"]

1. e4 e5 2. Nf3 Nc6 3. Bb5 a6 4. Ba4 Nf6 5. 0-0 Be7 6. Re1 b5 7. Bb3 d6 8. c3 Bg4 9. d3 0-0 10. Nbd2 Na5 11. Bc2 c5 12. Nf1 Nc6 13. h3 Bd7 14. Ne3 Qc7 15. Nh2 Rad8 16. Nd5 Nxd5 17. exd5 Na7 18. Qh5 f5 19. f4 Nc8 20. Qe2 Rde8 21. fxe5 Bh4 22. e6 Bxe1 23. Qxe1 Nb6 24. Qg3 Bc8 25. Bf4 Nxd5 26. Bxd6 f4 27. Bxc7 fxg3 28. Bxg3 Ne3 29. Bb3 c4 30. dxc4 bxc4 31. Ba4 Rxe6 32. Bf2 Nxg2 33. Kxg2 Rg6+ 34. Ng4 h5 35. Bc2 Bf5 36. Bxf5 Rxf5 37. Kg3 hxg4 38. hxg4 Rfg5 39. Bd4 Rxg4+ 40. Kf3 R4g5 41. b3 Rc6 42. Kf4 Ra5 43. Rg1 g6 44. bxc4 Rxa2 45. c5 Re6 46. Rb1 a5 47. Rb7 a4 48. Ra7 a3 49. Kg4 Ra1 50. Kg3 Kf8 51. Kg2 a2 52. Bh8 Kg8 53. Bd4 Re2+ 54. Kf3 Rd2 55. Ke4 Rxd4+ 56. cxd4 Re1+ 57. Kd5 a1Q 58. Rxa1 Rxa1 59. Kd6 Kf8 0-1

[Event "POL-ch U18"]
[Site "Karpacz"]
[Date "2010.03.13"]
[Round "10"]
[White "Zielinski, Wojciech"]
[Black "Ancuta, Adam"]
[Result "1-0"]
[WhiteElo "2006"]
[BlackElo "1857"]
[PlyCount "45"]
[EventDate "2010.03.06"]
[EventType "swiss"]
[EventRounds "11"]
[EventCountry "POL"]
[SourceTitle "CBM 135 Extra"]
[Source "ChessBase"]
[SourceDate "2010.05.04"]
[SourceVersion "1"]
[SourceVersionDate "2010.05.04"]
[SourceQuality "1"]

1. e4 e5 2. Nf3 Nc6 3. Bc4 Bc5 4. c3 Nf6 5. d3 d5 6. exd5 Nxd5 7. 0-0 a6 8. Re1 Be6 9. Nbd2 b5 10. Bb3 Nf4 11. d4 exd4 12. Ne4 Bd6 13. Nxd6+ Qxd6 14. Bxf4 Qxf4 15. Bxe6 fxe6 16. Rxe6+ Kd7 17. Qb3 Ne7 18. Rae1 Rae8 19. Ne5+ Kc8 20. Qa3 Kd8 21. Qxa6 Nc8 22. Qxb5 Nb6 23. Rxb6 1-0

[Event "POL-ch U18"]
[Site "Karpacz"]
[Date "2010.03.10"]
[Round "7"]
[White "Grudzien, Piotr"]
[Black "Ancuta, Adam"]
[Result "1-0"]
[WhiteElo "1989"]
[BlackElo "1857"]
[PlyCount "109"]
[EventDate "2010.03.06"]
[EventType "swiss"]
[EventRounds "11"]
[EventCountry "POL"]
[SourceTitle "CBM 135 Extra"]
[Source "ChessBase"]
[SourceDate "2010.05.04"]
[SourceVersion "1"]
[SourceVersionDate "2010.05.04"]
[SourceQuality "1"]

1. e4 e5 2. Nf3 Nc6 3. d4 exd4 4. Nxd4 Bc5 5. Be3 Qf6 6. Nb5 Bxe3 7. fxe3 Qh4+ 8. g3 Qxe4 9. Nxc7+ Kd8 10. Nxa8 Qxh1 11. Qd6 Nf6 12. Nd2 Qg1 13. Nc4 Ne8 14. Qd2 Qh1 15. 0-0-0 Qe4 16. Na5 Qe6 17. Bc4 Qf5 18. Bd5 Ke7 19. Bxc6 bxc6 20. Nxc6+ dxc6 21. Qd8+ Kf8 22. Nc7 Qe5 23. Nxe8 Qxe8 24. Qc7 Qxe3+ 25. Kb1 g6 26. Qxc8+ Kg7 27. Qxc6 Rd8 28. Rf1 Qf2 29. Qc4 Rd7 30. b3 Qb6 31. Qf4 Qc6 32. Qe5+ f6 33. Qe2 a5 34. Qf3 Qe6 35. a4 Rc7 36. Rd1 Qe5 37. Qd3 Qc5 38. Kb2 Re7 39. Qd4 Qc7 40. Qd6 Qa7 41. Qd8 Rf7 42. Rd5 Qf2 43. Rxa5 Qxh2 44. Ra8 Kh6 45. Qb8 Qf2 46. Qd6 Qf5 47. Rd8 Kg5 48. Qd2+ Kg4 49. Rd4+ Kh3 50. Rh4+ Kxg3 51. Qh2+ Kf3 52. Rh3+ Ke4 53. Qe2+ Kd5 54. Rd3+ Kc6 55. Qe8+ 1-0

[Event "POL-ch U18"]
[Site "Karpacz"]
[Date "2010.03.06"]
[Round "1"]
[White "Ancuta, Adam"]
[Black "Tobolski, Jakub"]
[Result "1-0"]
[WhiteElo "1857"]
[BlackElo "2088"]
[PlyCount "49"]
[EventDate "2010.03.06"]
[EventType "swiss"]
[EventRounds "11"]
[EventCountry "POL"]
[SourceTitle "CBM 135 Extra"]
[Source "ChessBase"]
[SourceDate "2010.05.04"]
[SourceVersion "1"]
[SourceVersionDate "2010.05.04"]
[SourceQuality "1"]

1. e4 e5 2. Nf3 Nc6 3. Bc4 Nf6 4. Ng5 d5 5. exd5 Na5 6. Bb5+ c6 7. dxc6 bxc6 8. Be2 h6 9. Nf3 e4 10. Ne5 Bd6 11. d4 exd3 12. Nxd3 Qc7 13. b3 0-0 14. Bb2 Ne4 15. Nd2 Re8 16. Nxe4 Rxe4 17. Qd2 Qe7 18. 0-0-0 Nxb3+ 19. axb3 Rxe2 20. Qc3 f6 21. Rhe1 Bd7 22. Qd4 Rxe1 23. Nxe1 Re8 24. Nf3 Qe4 25. Qxe4 1-0

[Event "POL-ch U16"]
[Site "Chotowa"]
[Date "2009.04.03"]
[Round "9"]
[White "Ancuta, Adam"]
[Black "Graczyk, Damian"]
[Result "0-1"]
[WhiteElo "1867"]
[BlackElo "1862"]
[PlyCount "94"]
[EventDate "2009.03.28"]
[EventType "swiss"]
[EventRounds "11"]
[EventCountry "POL"]
[SourceTitle "EXT 2011"]
[Source "ChessBase"]
[SourceDate "2010.11.26"]
[SourceVersion "1"]
[SourceVersionDate "2010.11.26"]
[SourceQuality "1"]

1. e4 c5 2. Nf3 Nc6 3. d4 cxd4 4. Nxd4 g6 5. Be3 d6 6. Nc3 Nf6 7. f3 Bg7 8. Bc4 0-0 9. Qd2 Bd7 10. g4 Ne5 11. Bb3 b5 12. h4 h5 13. gxh5 Nxh5 14. 0-0-0 b4 15. Nd5 a5 16. Bg5 Re8 17. f4 a4 18. fxe5 axb3 19. Nxb3 Bxe5 20. Kb1 Ng3 21. Rhe1 Be6 22. Qxb4 Rb8 23. Qd2 Nh5 24. Rg1 Kh7 25. Be3 Qc8 26. Bd4 Bxd4 27. Qxd4 Qc6 28. Rg5 f6 29. Rg2 Ra8 30. Qd2 Qa4 31. Nc3 Qa7 32. Rdg1 Bf7 33. a3 Reb8 34. Nd5 Qa4 35. Qd3 Bxd5 36. Qxd5 Rg8 37. Rg4 Qe8 38. Nd4 e5 39. Nb5 Rd8 40. c4 Nf4 41. Nxd6 Qd7 42. Qf7+ Qxf7 43. Nxf7 Rd7 44. Nxe5 fxe5 45. Re1 Rd2 46. b4 Re8 47. Kc1 Rd3 0-1

[Event "POL-ch U16"]
[Site "Chotowa"]
[Date "2009.03.31"]
[Round "5"]
[White "Chomski, Maciej"]
[Black "Ancuta, Adam"]
[Result "0-1"]
[WhiteElo "1822"]
[BlackElo "1867"]
[PlyCount "36"]
[EventDate "2009.03.28"]
[EventType "swiss"]
[EventRounds "11"]
[EventCountry "POL"]
[SourceTitle "EXT 2011"]
[Source "ChessBase"]
[SourceDate "2010.11.26"]
[SourceVersion "1"]
[SourceVersionDate "2010.11.26"]
[SourceQuality "1"]

1. e4 e5 2. Nf3 Nc6 3. Bb5 a6 4. Bxc6 dxc6 5. 0-0 Bd6 6. d4 Qe7 7. dxe5 Bxe5 8. Nxe5 Qxe5 9. Nc3 Nf6 10. h3 Bd7 11. Qe2 0-0-0 12. a4 h5 13. f4 Qd4+ 14. Be3 Qb4 15. Bd2 Be6 16. b3 Qd4+ 17. Qe3 Qxd2 18. Qa7 Qd4+ 0-1

[Event "POL-ch U16"]
[Site "Chotowa"]
[Date "2009.03.28"]
[Round "1"]
[White "Ancuta, Adam"]
[Black "Siwiec, Arkadiusz"]
[Result "0-1"]
[WhiteElo "1867"]
[BlackElo "2082"]
[PlyCount "76"]
[EventDate "2009.03.28"]
[EventType "swiss"]
[EventRounds "11"]
[EventCountry "POL"]
[SourceTitle "EXT 2011"]
[Source "ChessBase"]
[SourceDate "2010.11.26"]
[SourceVersion "1"]
[SourceVersionDate "2010.11.26"]
[SourceQuality "1"]

1. e4 c5 2. Nf3 d6 3. d4 cxd4 4. Nxd4 Nf6 5. Nc3 Nc6 6. Bc4 Qb6 7. Nb3 e6 8. Be3 Qc7 9. f3 a6 10. a4 b6 11. Qd2 Bb7 12. 0-0 Be7 13. Qf2 Nd7 14. f4 Nb4 15. Bd3 Nc5 16. Nxc5 bxc5 17. f5 0-0 18. Qg3 Bf6 19. Rac1 Rac8 20. Qh3 c4 21. Be2 exf5 22. Rxf5 Qe7 23. Bg4 Rce8 24. Rcf1 Bxc3 25. bxc3 Nxc2 26. Rh5 Bxe4 27. Bd2 Bg6 28. Rh4 Qa7+ 29. Kh1 Ne3 30. Rf3 Nxg4 31. Qxg4 Re2 32. Qf4 Rb8 33. Rf1 Qc5 34. Rh3 h6 35. Rg3 Rb2 36. Bc1 Ra2 37. h4 Qd5 38. Qg4 Rxg2 0-1

[Event "POL-ch U16"]
[Site "Leba"]
[Date "2008.04.04"]
[Round "9"]
[White "Szumilas, Piotr"]
[Black "Ancuta, Adam"]
[Result "1-0"]
[WhiteElo "2038"]
[BlackElo "1846"]
[PlyCount "49"]
[EventDate "2008.03.29"]
[EventType "swiss"]
[EventRounds "11"]
[EventCountry "POL"]
[SourceTitle "CBM 123 Extra"]
[Source "ChessBase"]
[SourceDate "2008.05.06"]
[SourceVersion "1"]
[SourceVersionDate "2008.05.06"]
[SourceQuality "1"]

1. e4 e5 2. Nf3 Nc6 3. Nc3 d6 4. d4 Bg4 5. d5 Nd4 6. Be2 Nxe2 7. Qxe2 Qd7 8. h3 Bxf3 9. Qxf3 Nf6 10. 0-0 Be7 11. Ne2 0-0-0 12. c4 h5 13. b4 Rdg8 14. Qa3 Kb8 15. Be3 b6 16. Nc3 c5 17. dxc6 Qxc6 18. Nd5 Bd8 19. c5 Nxe4 20. cxb6 axb6 21. Rfd1 g5 22. f3 Ng3 23. b5 Qb7 24. Qxd6+ Ka7 25. Rd3 1-0

[Event "POL-ch U16"]
[Site "Leba"]
[Date "2008.03.31"]
[Round "3"]
[White "Ancuta, Adam"]
[Black "Urbanski, Piotr"]
[Result "1-0"]
[WhiteElo "1846"]
[BlackElo "1786"]
[PlyCount "71"]
[EventDate "2008.03.29"]
[EventType "swiss"]
[EventRounds "11"]
[EventCountry "POL"]
[SourceTitle "CBM 123 Extra"]
[Source "ChessBase"]
[SourceDate "2008.05.06"]
[SourceVersion "1"]
[SourceVersionDate "2008.05.06"]
[SourceQuality "1"]

1. e4 Nf6 2. e5 Nd5 3. d4 d6 4. c4 Nb6 5. f4 Bf5 6. Nc3 dxe5 7. fxe5 Nc6 8. Be3 e6 9. Be2 Be7 10. Nf3 0-0 11. h3 f6 12. g4 Bg6 13. exf6 Bxf6 14. h4 e5 15. d5 Nb4 16. Rc1 e4 17. Ng5 Bxg5 18. Bxg5 Qd6 19. h5 Qg3+ 20. Kd2 Rf2 21. b3 Re8 22. Be3 Bf7 23. Qg1 Rg2 24. Qxg2 Qxg2 25. Rcg1 Qxh1 26. Rxh1 h6 27. a3 Na6 28. Rf1 Nd7 29. b4 Nf6 30. Bxh6 Nxg4 31. Bxg7 e3+ 32. Ke1 Kxg7 33. Bxg4 Re4 34. h6+ Kg6 35. h7 Re8 36. Rxf7 1-0

[Event "Poznan op-B 16th"]
[Site "Poznan"]
[Date "2007.07.25"]
[Round "5.19"]
[White "Piechocki, Bronislaw"]
[Black "Ancuta, Adam"]
[Result "1-0"]
[WhiteElo "1530"]
[BlackElo "1809"]
[PlyCount "85"]
[EventDate "2007.07.21"]
[EventType "swiss"]
[EventRounds "9"]
[EventCountry "POL"]
[SourceTitle "EXT 2023"]
[Source "ChessBase"]
[SourceDate "2022.10.05"]
[SourceVersion "1"]
[SourceVersionDate "2022.10.05"]
[SourceQuality "1"]

1. Nf3 c5 2. g3 b6 3. Bg2 Bb7 4. 0-0 f5 5. d3 Nf6 6. c4 e6 7. Nc3 a6 8. a3 Bd6 9. Rb1 0-0 10. b4 Nc6 11. b5 Ne5 12. Bb2 Nxf3+ 13. exf3 Qe8 14. f4 Bxg2 15. Kxg2 Qg6 16. Qf3 a5 17. a4 Rae8 18. Nd1 Qh6 19. Bxf6 Rxf6 20. Qb7 Ref8 21. Ne3 Rg6 22. Kh1 Qh5 23. Ng2 Rh6 24. h4 Be7 25. Qxd7 Bxh4 26. Nxh4 Qf3+ 27. Kg1 Rxh4 28. Qxe6+ Kh8 29. gxh4 Qg4+ 30. Kh2 Qxf4+ 31. Kg2 Qg4+ 32. Kh2 Qxh4+ 33. Kg2 f4 34. Qh3 f3+ 35. Kh2 Qf4+ 36. Qg3 Qh6+ 37. Kg1 Rf4 38. Rfe1 Kg8 39. Re4 Rf5 40. Rbe1 Rf8 41. Re8 Rxe8 42. Rxe8+ Kf7 43. Re3 1-0

[Event "Poznan op-B 16th"]
[Site "Poznan"]
[Date "2007.07.24"]
[Round "4.20"]
[White "Ancuta, Adam"]
[Black "Warchol, Maria"]
[Result "1/2-1/2"]
[WhiteElo "1809"]
[BlackElo "1777"]
[PlyCount "68"]
[EventDate "2007.07.21"]
[EventType "swiss"]
[EventRounds "9"]
[EventCountry "POL"]
[SourceTitle "EXT 2023"]
[Source "ChessBase"]
[SourceDate "2022.10.05"]
[SourceVersion "1"]
[SourceVersionDate "2022.10.05"]
[SourceQuality "1"]

1. e4 e6 2. d4 d5 3. exd5 exd5 4. c4 c6 5. Nc3 Nf6 6. cxd5 cxd5 7. Bg5 Bb4 8. Qb3 Bxc3+ 9. bxc3 Qe7+ 10. Be2 0-0 11. Bxf6 Qxf6 12. Qxd5 Nc6 13. Qf3 Qd6 14. Bd3 Be6 15. Ne2 Rfc8 16. 0-0 Rab8 17. Rad1 Bxa2 18. Nf4 a5 19. Ra1 Bb3 20. Bb5 Ra8 21. Qg3 Rc7 22. Rfb1 Bc2 23. Rb2 Bf5 24. Bc4 Rd8 25. f3 Rdd7 26. d5 Qc5+ 27. Kh1 Qxc4 28. dxc6 Qxc6 29. Re1 Rd8 30. Ne2 a4 31. Nd4 Qxc3 32. Ree2 Be6 33. Nxe6 fxe6 34. h3 Rd1+ 1/2-1/2

[Event "Poznan op-B 16th"]
[Site "Poznan"]
[Date "2007.07.23"]
[Round "3.20"]
[White "Paczka, Patryk"]
[Black "Ancuta, Adam"]
[Result "1/2-1/2"]
[WhiteElo "1600"]
[BlackElo "1809"]
[PlyCount "59"]
[EventDate "2007.07.21"]
[EventType "swiss"]
[EventRounds "9"]
[EventCountry "POL"]
[SourceTitle "EXT 2023"]
[Source "ChessBase"]
[SourceDate "2022.10.05"]
[SourceVersion "1"]
[SourceVersionDate "2022.10.05"]
[SourceQuality "1"]

1. e4 e5 2. Nf3 Nc6 3. Bb5 a6 4. Ba4 Nf6 5. 0-0 b5 6. Bb3 Bc5 7. c3 d6 8. d4 Bb6 9. Re1 Bg4 10. d5 Nb8 11. a4 Nbd7 12. Bc2 0-0 13. Be3 Bxe3 14. Rxe3 Nc5 15. Nbd2 bxa4 16. Bxa4 Ncxe4 17. Nxe4 Nxe4 18. Rxe4 f5 19. Rxg4 fxg4 20. Nd2 Rb8 21. b4 Qf6 22. Ne4 Qf4 23. Qd3 h5 24. Bc2 h4 25. Qe2 Rb5 26. Bd1 Kh8 27. Rxa6 Rxd5 28. f3 g3 29. Ra1 Kh7 30. Bc2 1/2-1/2